00343nam a22001217a 450000500170000002000230001703500230004003700130006310000220007624500500009826000500014830000230019820180721104113.0 a8175345349c225.00 aB-220654, B-220651 aDPLbENG aGafoor, K A Abdul aLaw of private defence /cby K A Abdul Gafoor aNew DelhibUniversal Law Publishing Co.c2006 aix, 172p.c20 cms.